000 00453nam a2200181Ia 4500
005 20240921120802.0
008 240921s9999||||xx |||||||||||||| ||und||
041 _aENGLISH
082 _A544 N3
100 _aRamunujam V V
245 0 _aInorganic Semi Micro Qualitative Analysis
250 _a3rd
260 _c1993
_bThe National Pub Co,Madras
500 _aAnalysis of Anions
650 _aAnalysis
_bChemistry
942 _cBK
999 _c247543
_d247543